000 00695nam a22002177a 4500
003 UA-OsUOA
001 103778
007 ta
008 20131119b un ||||| |||| 00| 0 ukr d
100 _aГрицай Л.
090 _a82
_bГ85
942 _cSA
040 _aUA-OsUOA
_bukr
_cUA-OsUOA
_dUA-OsUOA
245 _aЛітературний процес в україні кінця ХХ - початку ХХІ ст.
300 _aС.32-46
955 _a0
041 _aukr
080 _a82
773 0 _w103777
_tУкраїнська мова й література в сучасній школі
_dК.
_d2013
_g9
650 7 _a82 Література. Літературознавство
_2UDC
999 _c390143
_d390143